| 000 | 00391nam a2200145Ia 4500 | ||
|---|---|---|---|
| 008 | 230917s9999||||xx |||||||||||||| ||und|| | ||
| 040 |
_e70015 _aMAIN |
||
| 041 | _aEnglish | ||
| 082 | _a891.2109 N131K | ||
| 100 | _aNagar, Murari Lal, ed. | ||
| 245 | 0 | _aKalpalataviveka | |
| 260 |
_aAhmedabad _bLalbhai Dalpatbhai Bharatiya Sanskrit Vidya Mandira _c1968 |
||
| 300 | _a359 p. | ||
| 942 | _cBK | ||
| 999 |
_c231079 _d231079 |
||